书目信息 |
| 题名: |
历史题材电视剧创作与中华文化价值观构建研究
|
|
| 作者: | 李茂华 著 | |
| 分册: | ||
| 出版信息: | 成都 四川大学出版社 2020.5 |
|
| 页数: | 197页 | |
| 开本: | 24cm | |
| 丛书名: | 成都大学传媒研究系列丛书 | |
| 单 册: | ||
| 中图分类: | J972.1 | |
| 科图分类: | ||
| 主题词: | 中华文化--zhong hua wen hua--关系--历史剧--电视剧创作--研究--中国 | |
| 电子资源: | ||
| ISBN: | 978-7-5690-2055-7 | |
| 000 | 01294oam2 2200253 450 | |
| 001 | 2156269072 | |
| 005 | 20211011172911.0 | |
| 010 | @a978-7-5690-2055-7@dCNY54.00 | |
| 100 | @a20201102d2020 kemy0chiy0120 ea | |
| 101 | 0 | @achi |
| 102 | @aCN@b510000 | |
| 105 | @ay v 000yy | |
| 106 | @ar | |
| 200 | 1 | @a历史题材电视剧创作与中华文化价值观构建研究@Ali shi ti cai dian shi ju chuang zuo yu zhong hua wen hua jia zhi guan gou jian yan jiu@f李茂华著 |
| 210 | @a成都@c四川大学出版社@d2020.5 | |
| 215 | @a197页@d24cm | |
| 225 | 2 | @a成都大学传媒研究系列丛书@Acheng du da xue chuan mei yan jiu xi lie cong shu@f欧阳宏生,李立主编 |
| 330 | @a本著作主要以建构中华文化价值观为切入点,在考察中华文化价值观的演进与构成、提炼中华文化价值观内涵构成要素之基础上,从电视剧叙事与电视剧审美两方面提出历史题材电视剧如何建构中华文化价值观的标准与方法,同时针对当前历史题材电视剧存在的问题提出解决之策。本书在历史题材电视剧如何传递中华文化价值观,如何塑造国民对中华文化价值观的认同方面进行有效地探索,具有一定的理论价值与现实应用价值。 | |
| 461 | 0 | @12001 @a成都大学传媒研究系列丛书 |
| 606 | 0 | @a中华文化@Azhong hua wen hua@x关系@x历史剧@x电视剧创作@x研究@y中国 |
| 690 | @aJ972.1@v5 | |
| 701 | 0 | @a李茂华@Ali mao hua@f(1976-)@4著 |
| 801 | 0 | @aCN@b百万庄@c20211006 |
| 905 | @b1305354-57@dJ972.1@e386@f4 | |
| 历史题材电视剧创作与中华文化价值观构建研究/李茂华著.-成都:四川大学出版社,2020.5 |
| 197页;24cm.-(成都大学传媒研究系列丛书/欧阳宏生,李立主编) |
| ISBN 978-7-5690-2055-7:CNY54.00 |
| 本著作主要以建构中华文化价值观为切入点,在考察中华文化价值观的演进与构成、提炼中华文化价值观内涵构成要素之基础上,从电视剧叙事与电视剧审美两方面提出历史题材电视剧如何建构中华文化价值观的标准与方法,同时针对当前历史题材电视剧存在的问题提出解决之策。本书在历史题材电视剧如何传递中华文化价值观,如何塑造国民对中华文化价值观的认同方面进行有效地探索,具有一定的理论价值与现实应用价值。 |
| ● |
| 相关链接 |
|
|
|
|
正题名:历史题材电视剧创作与中华文化价值观构建研究
索取号:J972.1/386
 
预约/预借
| 序号 | 登录号 | 条形码 | 馆藏地/架位号 | 状态 | 备注 |
| 1 | 1305354 | 213053540 | 第一样本阅览室/ [索取号:J972.1/386] | 在馆 | |
| 2 | 1305355 | 213053559 | 第一借阅区/ [索取号:J972.1/386] | 在馆 | |
| 3 | 1305356 | 213053568 | 第一借阅区/ [索取号:J972.1/386] | 在馆 | |
| 4 | 1305357 | 213053577 | 第一借阅区/ [索取号:J972.1/386] | 在馆 |